| 000 | 00839nam a22002537a 4500 | ||
|---|---|---|---|
| 001 | 12318 | ||
| 003 | HDC | ||
| 007 | cr bn --- | ||
| 008 | 210209 my |0 eneng | ||
| 040 | _aHDC | ||
| 100 |
_aChandra Muzaffar _eauthor _912876 |
||
| 245 | 4 |
_aTHE NEP, DEVELOPMENT AND ALTERNATIVE / _cby Chandra Muzaffar |
|
| 260 |
_aMalaysia _bAliran Kesedaran Malaysia _c1991 |
||
| 300 | _a42 pages | ||
| 336 |
_atext _2rdacontent |
||
| 337 |
_acomputer _2rdamedia |
||
| 338 |
_aonline resource _2rdacarrier |
||
| 650 |
_aAlternative Consciousness _912877 |
||
| 650 | _adevelopmental process | ||
| 856 | _zRequest full-text at [email protected] | ||
| 942 | _2lcc | ||
| 942 | _cEBOOK | ||
| 942 | _kEBOK 001927 | ||
| 999 |
_c9641 _d9641 |
||